Capítulos que se le olvidaron a Cervantes
সংরক্ষণ করুন:
| প্রধান লেখক: | |
|---|---|
| বিন্যাস: | গ্রন্থ |
| ভাষা: | স্প্যানিশ |
| প্রকাশিত: |
París
Garnier
1930
|
| মালা: | Biblioteca de Grandes Autores Americanos
|
| বিষয়গুলি: | |
| ট্যাগগুলো: |
ট্যাগ যুক্ত করুন
কোনো ট্যাগ নেই, প্রথমজন হিসাবে ট্যাগ করুন!
|
MARC
| LEADER | 00000nam a2200000 a 4500 | ||
|---|---|---|---|
| 001 | UCT7676 | ||
| 003 | CL-VaPUC | ||
| 008 | 970123e19300000FR |||||||||||||||||spa|d | ||
| 082 | 0 | 4 | |a 863.09 |b MON |2 21 |
| 100 | |a Montalvo, Juan |e autor |9 405251 | ||
| 245 | 1 | 0 | |a Capítulos que se le olvidaron a Cervantes |
| 300 | |a v | ||
| 942 | |c BK | ||
| 945 | |d 19970123 00:00:00 |a rleighto | ||
| 260 | |a París |b Garnier |c 1930 | ||
| 650 | 0 | |a Literatura española |9 306261 | |
| 650 | 7 | |a NOVELA ESPAÑOLA |2 CL-VaPUC |9 313139 | |
| 650 | 0 | |a Historia y crítica |9 257407 | |
| 650 | 0 | |a Crítica literaria |9 269189 | |
| 583 | |a last modification |c 19970123 00:00:00 |k Rodrigo Vera | ||
| 490 | 0 | |a Biblioteca de Grandes Autores Americanos | |
| 999 | |c 256228 |d 256226 | ||
| 952 | |0 0 |1 0 |4 0 |6 863_090000000000000_MON_1930 |7 0 |8 A |9 278840 |a BIBEDU |b BIBEDU |d 2019-11-19 |h v.1 |i 326940K |o 863.09 MON 1930 |p 326940K |r 2019-11-19 |w 2019-11-19 |y BK |k LIT | ||
| 952 | |0 0 |1 0 |4 0 |6 863_090000000000000_MON_1930 |7 0 |8 A |9 278841 |a BIBEDU |b BIBEDU |d 2019-11-19 |h v.2 |i 3269418 |o 863.09 MON 1930 |p 3269418 |r 2019-11-19 |w 2019-11-19 |y BK |k LIT | ||